banner-ar

LAND AND POWER: THE ZIONIST RESORT TO FORCE 1881 - 1948 / (Record no. 11507)

MARC details
000 -الفاتح
حقل البيانات ثابتة الطول 00536nam a2200181Ia 4500
008 - عناصر البيانات ثابتة الطول - معلومات عامة
حقل البيانات ثابتة الطول 140319s9999 xx 000 0 eng d
040 ## - مصدر الفهرسة
وكالة الفهرسة الأصلية GCL /
وكالة النسخ GCL
082 04 - رقم تصنيف ديوى العشرى
رقم التصنيف 320.5409
رقم المادة S L
100 1# - المدخل الرئيسى - إسم شخصى
الإسم الشخصى SHAPIRA, ANITA
245 10 - بيان العنوان
العنوان LAND AND POWER: THE ZIONIST RESORT TO FORCE 1881 - 1948 /
بيان المسئوليه,etc SHAPIRA, ANITA
260 ## - PUBLICATION, DISTRIBUTION, ETC. (IMPRINT)
تاريخ النشر أو التوزيع 1994
300 ## - الوصف المادى
التعداد 446 P
650 04 - المدخل الاضافى بالموضوع-مصطلح موضوعى
مصطلح موضوعي NATIONAL CHARACTERISTICS - ISRAL
650 04 - المدخل الاضافى بالموضوع-مصطلح موضوعى
مصطلح موضوعي JEWISH - ARAB RELATIONS
650 04 - المدخل الاضافى بالموضوع-مصطلح موضوعى
مصطلح موضوعي ZIONISM - PHILOSOPHY
942 ## - عناصر المدخل الإضافي( كوها)
مصدر التصنيف او مخطط الترفيف Dewey Decimal Classification
Koha [default] item type كتاب
260 ## - PUBLICATION, DISTRIBUTION, ETC. (IMPRINT)
-- [S.N] :
-- OXFORD UNIVERSITY PRESS ،
Holdings
حالة التراجع حالة الفقد حالة تلف ليس للاعارة المكان المؤقت الموقع الحالى تاريخ الاكتساب اجمالي اﻻعارات رقم الطلب الباركود تاريخ اخر مشاهدة تاريخ تفعيل السعر نوع وعاء كوها
        مكتبة القاهرة الكبرى مكتبة القاهرة الكبرى 03/26/2014   320.5409\S L 22712 03/26/2014 03/26/2014 كتاب

Powered By

EGPV